Sports Quiz

Random Sports or Baseball Quiz

MLB Players of 2013 (Slideshow) Quiz Stats

Quiz not verified by Sporcle

Challenge
Share
Tweet
Score 0/30 Timer 06:00
3 Plays Today
% Correct
Miguel Cabrera
89.7%
Mark Teixeira
89.2%
Adam Dunn
87.5%
Ryan Howard
86.8%
Felix Hernandez
85.4%
Yadier Molina
81.5%
Rickie Weeks
79.4%
Alfonso Soriano
79.3%
Nick Swisher
79%
Ian Kinsler
78.9%
Bronson Arroyo
78.5%
Ben Zobrist
77.4%
C. J. Wilson
77%
Russell Martin
73.7%
Brian McCann
72%
% Correct
Nick Markakis
71.6%
Josh Beckett
70.8%
Ervin Santana
70%
Miguel Montero
61.7%
Ryan Dempster
61.7%
Dan Haren
60.9%
Carlos Quentin
55.2%
Barry Zito
54.1%
Jorge De La Rosa
51.5%
Josh Johnson
48.3%
Chris Young
45.2%
John Buck
37.6%
Bud Norris
34.8%
Chris Coghlan
29.3%
Kevin Correia
20%

You're not logged in!

Compare scores with friends on all Sporcle quizzes.
Sign Up with Email
OR
Log In

You Might Also Like...

Show Comments

Extras

Top Quizzes Today


Score Distribution

Your Account Isn't Verified!

In order to create a playlist on Sporcle, you need to verify the email address you used during registration. Go to your Sporcle Settings to finish the process.